书目信息 |
| 题名: |
财经法规与会计职业道德
|
|
| 作者: | 本书编写组 | |
| 分册: | ||
| 出版信息: | 北京 中国财政经济出版社 2016.01 |
|
| 页数: | 192页 | |
| 开本: | 20cm | |
| 丛书名: | ||
| 单 册: | ||
| 中图分类: | D922.2 | |
| 科图分类: | ||
| 主题词: | 法律--中国 | |
| 电子资源: | ||
| ISBN: | 7-5095-6536-7 | |
| 000 | 00599nam0 2200193 450 | |
| 001 | 3018 | |
| 005 | 20161207145650.43 | |
| 010 | @a7-5095-6536-7@dCNY39.00 | |
| 100 | @a20150811d2016 km y0chiy0120 ea | |
| 101 | 0 | @achi |
| 102 | @aCN@b110000 | |
| 200 | 1 | @a财经法规与会计职业道德@Acai jing fa gui yu kuai ji zhi ye dao de@f本书编写组@Fben shu bian xie zu |
| 210 | @a北京@c中国财政经济出版社@d2016.01 | |
| 215 | @a192页@d20cm | |
| 330 | @a财政法·中国·资格考试·教材 | |
| 606 | 0 | @a法律@x中国 |
| 690 | @aD922.2@v4 | |
| 801 | 0 | @aCN@b大连网信软件有限公司图书馆·11@c20161207 |
| 905 | @aZUCC@dD922.2@e1518 | |
| 财经法规与会计职业道德/本书编写组.-北京:中国财政经济出版社,2016.01 |
| 192页;20cm |
| ISBN 7-5095-6536-7:CNY39.00 |
| 财政法·中国·资格考试·教材 |
| ● |
| 相关链接 |
|
|
|
|
正题名:财经法规与会计职业道德
索取号:D922.2/1518
 
预约/预借
| 序号 | 登录号 | 条形码 | 馆藏地/架位号 | 状态 | 备注 |
| 1 | 912510 | 209125105 | 第一样本阅览室/ [索取号:D922.2/1518] | 在馆 | |
| 2 | 912511 | 209125114 | 第一借阅区/ [索取号:D922.2/1518] | 在馆 | |
| 3 | 912512 | 209125123 | 第一借阅区/ [索取号:D922.2/1518] | 在馆 | |
| 4 | 912513 | 209125132 | 第一借阅区/ [索取号:D922.2/1518] | 在馆 |